00422nam a2200157 a 45000010005000000030009000050080041000140400028000550820016000831000025000992450032001242600040001563000010001964900025002066500033002311528CO-ViMGA141112s2004 ck r 000 u spa d aCO-ViMGAbspacCO-ViMGA04a923.2 B673c1 aChastenet, Genevieve10aLucrecia Borgia 1480 - 1519 aBogotá : bJavier Vergara, c1995 a363 p aBiografia e historia14aBORGIA, LUCRECIA 1480 - 1519